000 01166nam a22003497a 4500
003 CHAP
005 20220329135109.0
008 971013s1978 r 00010 d
010 _a30878
011 _a31850
035 _a35962
040 _cCHAP
090 _aTesis
100 0 0 _aNava Bolaños, José Luis.
_980434
245 _aModelo matemático para encefalitis equina venezolana
260 _aChapingo, Méx. :
_bEl autor,
_c1978
300 _a74 h.
_b; gráfs.
502 _aTesis (M.D. C. Esp. en Estadística) -- SARH. Colegio de Postgraduados
590 _aALEPH
_b10
_c20130110
_lUCH01
_h1252
590 _aBATCH-UPD
_b10
_c20130110
_lUCH01
_h0048
590 _aBATCH-UPD
_b10
_c20130110
_lUCH01
_h2139
590 _aBATCH-UPD
_b10
_c20130409
_lUCH01
_h2035
590 _aBATCH-UPD
_b10
_c20130410
_lUCH01
_h1447
590 _aBATCH-UPD
_b10
_c20130914
_lUCH01
_h1303
590 _aCONVERSION
_b10
_c20130109
_lUCH01
_h1318
650 1 4 _aEncefalitis equina.
_936729
650 1 4 _aGanado caballar
_xEnfermedades.
_944973
650 1 4 _aVeterinaria
_xModelos matemáticos.
_9119003
901 _aBK
942 _cTESIS
949 _bBC
_cTES
_d-83005
_eTS1
_i35962
_si
999 _c30878
_d30878